Application of process management in business practice

Saved in:
Bibliographic Details
Main Author: Andrejkovič, Marek
Other Authors: Hajduová, Zuzana, 1974-, Mura, Ladislav
Format: Book Chapter
Language:English
Subjects:
Tags: Add Tag
No Tags, Be the first to tag this record!

MARC

LEADER 00000nla a2200000 4500
001 0192385
005 20240502083446.1
041 0 |a eng 
044 |a RS 
245 1 0 |a Application of process management in business practice  |c Marek Andrejkovič, Zuzana Hajduová, Ladislav Mura 
610 2 0 |a riadenie procesné 
610 2 0 |a metódy riadenia 
610 2 0 |a podnik 
610 2 0 |a kvalita 
610 2 0 |a ukazovatele ekonomické 
100 1 |a Andrejkovič, Marek 
700 1 |a Hajduová, Zuzana, 1974- 
700 1 |a Mura, Ladislav